000 01619nam a2200457 a 4500
999 _c156
_d156
001 001296030
003 OSt
005 20210604090704.0
006 m d
007 cr zn|
008 041229s2004 pau sb 001 0 eng d
020 _z193069945X
035 _abks00004281
040 _aCtWfDGI
_cCtWfDGI
050 1 4 _aHD69.P75
_b.G845 2004
082 0 4 _a658.4/04
_222
245 0 2 _aA guide to the project management body of knowledge
_h[electronic resource] :
_bPMBOK guide, third edition.
246 3 0 _aProject management body of knowledge
246 3 0 _aPMBOK guide
250 _a3rd ed.
256 _aComputer document.
260 _aNewtown Square, Pa. :
_bProject Management Institute, Inc.,
_c2004
_e(Norwood, Mass. :
_fBooks24x7.com [generator])
336 _atext
_btxt
_2rdacontent
337 _acomputer
_bc
_2rdamedia
338 _aonline resource
_bcr
_2rdacarrier
500 _aTitle from title screen.
504 _aIncludes bibliographical references and index.
516 _aText.
538 _aMode of access: Internet via World Wide Web.
550 _aDigitized and made available by: Books 24x7.com.
650 0 _aProject management.
655 7 _aElectronic books.
_2lcsh
710 2 _aBooks24x7, Inc.
710 2 _aProject Management Institute.
856 4 0 _uhttps://mit-library.skillport.com/skillportfe/main.action?assetid=9342
_zClick here for the electronic version.
910 _aMARCIVEAUT
942 _2lcc
_cBK
_nJO
946 _mbooks24x7
949 1 _1MIT Access Only
_an-mit
_bNET
_h**See URL(s)
_o8
_x02